| 000 | 00613nam a2200241Ia 4500 | ||
|---|---|---|---|
| 001 | 3365 | ||
| 005 | 20240113233625.0 | ||
| 007 | ta | ||
| 008 | 180117s1963 ii a g b000 u asm u | ||
| 040 | _aCotton College Assam | ||
| 041 | _aasm | ||
| 082 |
_a954.126 _bB hu |
||
| 100 | _aBhuyan, S K . | ||
| 245 | 0 |
_aSaraighatar Subachani / _cS K Bhuyan. _hTextual Documents |
|
| 250 | _a1st ed. / | ||
| 260 |
_aGauhati : _bGovt Press , _c1963. |
||
| 300 |
_a83p. : _bill ; _c21 cm. . |
||
| 653 | _aHistory of Assam. | ||
| 653 | _aG-History | ||
| 942 |
_2ddc _cBK |
||
| 999 |
_c3353 _d3353 |
||